The McGraw-Hill real estate handbook
| Other Authors: | |
|---|---|
| Format: | Book |
| Published: |
London :
MacMillan ,
1978
|
| Subjects: |
MARC
| LEADER | 00000cam a2200000 7i4500 | ||
|---|---|---|---|
| 001 | 0000008753 | ||
| 005 | 20151106.0 | ||
| 020 | |a 007032056X | ||
| 040 | |a INS | ||
| 090 | 0 | 0 | |a HD1375. |b M17 1978 |
| 245 | 0 | 4 | |a The McGraw-Hill real estate handbook |
| 260 | |a London : |b MacMillan , |c 1978 | ||
| 300 | |a 360p : |b ill. ; |c 24 cm. | ||
| 650 | 0 | 0 | |a Real estate business |
| 700 | 1 | |a Irwin, Robert | |
| 999 | |a 0000022825 |b BOOK |c Open Shelf |e Default branch | ||